MARC

LEADER 00000nam0a2200000 4500
001 256991
005 20231101233149.0
035 |a (RuTPU)RU\TPU\book\279748 
090 |a 256991 
100 |a 20140412d1987 k y0rusy50 ca 
101 0 |a rus 
102 |a UZ 
105 |a a z 001zy 
200 1 |a Оптические солитоны  |f В. Х. Абдуллаев, С. А. Дарманян, П. К. Хабибуллаев  |g Академия наук Узбекской ССР (АН УзССР) ; под ред. В. Г. Барьяхтара 
210 |a Ташкент  |c Фан  |d 1987 
215 |a 200 с.  |c ил. 
320 |a Библиогр.: с. 187-195. 
320 |a Основные обозначения и сокращения: с. 196-197. 
320 |a Предметный указатель: с. 198. 
606 1 |a Солитоны оптические  |2 stltpush  |3 (RuTPU)RU\TPU\subj\51910  |9 70411 
610 1 |a импульсы 
610 1 |a оптические волокна 
610 1 |a взаимодействие 
610 1 |a статистическая динамика 
610 1 |a активные среды 
675 |a 535.1  |v 3 
700 1 |a Абдуллаев  |b В. Х. 
701 1 |a Дарманян  |b С. А. 
701 1 |a Хабибуллаев  |b П. К. 
702 1 |a Барьяхтар  |b В. Г.  |4 340 
712 0 2 |a Академия наук Узбекской ССР (АН УзССР)  |c (Ташкент)  |2 stltpush  |3 (RuTPU)RU\TPU\col\1343 
801 1 |a RU  |b 63413507  |c 20140412 
801 2 |a RU  |b 63413507  |c 20141125  |g RCR 
942 |c BK